[Event "Baku op"]
[Site "Baku"]
[Date "2024.07.06"]
[Round "8"]
[White "Rustamov, Rustam"]
[Black "Ajay Santhosh, Parvathareddy"]
[Result "1/2-1/2"]
[WhiteElo "2285"]
[BlackElo "2163"]
[PlyCount "131"]
[EventDate "2024.06.29"]
[EventType "swiss"]
[EventRounds "9"]
[EventCountry "AZE"]
[SourceTitle "CBM 221 Extra"]
[Source "ChessBase"]
[SourceDate "2024.09.30"]
[SourceVersion "1"]
[SourceVersionDate "2024.09.30"]
[SourceQuality "1"]

1. e4 c5 2. Nf3 d6 3. d4 cxd4 4. Nxd4 Nf6 5. Nc3 a6 6. Be2 e5 7. Nb3 Be7 8. Be3 Be6 9. 0-0 0-0 10. f4 exf4 11. Bxf4 Nc6 12. Kh1 Ne5 13. Nd4 Rc8 14. Nxe6 fxe6 15. Qd4 Qc7 16. Bg3 Nc4 17. Bxc4 Qxc4 18. Qxc4 Rxc4 19. Bh4 h6 20. Rfd1 Rfc8 21. a3 Kf7 22. Bxf6 gxf6 23. Rd3 b5 24. Rf1 R4c5 25. g3 a5 26. Rd4 Rb8 27. Rf3 b4 28. axb4 axb4 29. Nd1 Rxc2 30. b3 Ra8 31. Rf2 Raa2 32. Rxc2 Rxc2 33. Rd3 Re2 34. Ne3 Bf8 35. Kg1 d5 36. Kf1 Rxh2 37. exd5 exd5 38. Nxd5 Ke6 39. Nc7+ Kf5 40. Rd8 Rc2 41. Nd5 Ke5 42. Rxf8 Kxd5 43. Rb8 Rc3 44. Rxb4 Rxg3 45. Rh4 Rxb3 46. Rxh6 f5 47. Rh4 Ke5 48. Ke2 Rb2+ 49. Ke1 f4 50. Rh3 Kf5 51. Kf1 Kg4 52. Ra3 Rb1+ 53. Kf2 Rb8 54. Rc3 Rh8 55. Kg2 Ra8 56. Kf2 Ra2+ 57. Kg1 Re2 58. Kf1 Rb2 59. Ra3 Kf5 60. Ra5+ Ke4 61. Ra4+ Kf5 62. Ra5+ Kg4 63. Ra3 Rd2 64. Rb3 Kf5 65. Rb5+ Kg4 66. Rb3 1/2-1/2

[Event "Baku op"]
[Site "Baku"]
[Date "2024.07.04"]
[Round "6"]
[White "Ajay Santhosh, Parvathareddy"]
[Black "Vantika, Agrawal"]
[Result "1-0"]
[WhiteElo "2163"]
[BlackElo "2390"]
[PlyCount "95"]
[EventDate "2024.06.29"]
[EventType "swiss"]
[EventRounds "9"]
[EventCountry "AZE"]
[SourceTitle "CBM 221 Extra"]
[Source "ChessBase"]
[SourceDate "2024.09.30"]
[SourceVersion "1"]
[SourceVersionDate "2024.09.30"]
[SourceQuality "1"]

1. e4 e6 2. d4 d5 3. Bd3 dxe4 4. Bxe4 Nf6 5. Bf3 c5 6. Ne2 Be7 7. 0-0 0-0 8. Nbc3 a6 9. dxc5 Bxc5 10. Qxd8 Rxd8 11. Bg5 Nbd7 12. Rad1 Re8 13. Ng3 h6 14. Bf4 e5 15. Be3 Bb4 16. Nce4 Nxe4 17. Nxe4 f5 18. Nd6 Bxd6 19. Rxd6 Nf6 20. Rfd1 f4 21. Bb6 Kf7 22. Bd8 e4 23. Rxf6+ gxf6 24. Bh5+ Kf8 25. Bxe8 Kxe8 26. Bxf6 Bf5 27. Bc3 f3 28. Rd5 Bg6 29. h4 h5 30. Rd6 Bf7 31. Rb6 fxg2 32. Kxg2 Bxa2 33. Rxb7 Bb1 34. Rh7 Rc8 35. Rxh5 Bxc2 36. Rg5 Rc7 37. h5 Rc6 38. Kg3 Kf7 39. Kf4 Bd1 40. Rf5+ Kg8 41. Kg5 Rd6 42. Rc5 Bb3 43. Rc8+ Kf7 44. Rc7+ Kg8 45. h6 Bf7 46. Rc8+ Be8 47. Rxe8+ Kf7 48. Rxe4 1-0

[Event "Baku op"]
[Site "Baku"]
[Date "2024.07.03"]
[Round "5"]
[White "Ajay Santhosh, Parvathareddy"]
[Black "Dolgun, Can"]
[Result "1-0"]
[WhiteElo "2163"]
[BlackElo "2264"]
[PlyCount "127"]
[EventDate "2024.06.29"]
[EventType "swiss"]
[EventRounds "9"]
[EventCountry "AZE"]
[SourceTitle "CBM 221 Extra"]
[Source "ChessBase"]
[SourceDate "2024.09.30"]
[SourceVersion "1"]
[SourceVersionDate "2024.09.30"]
[SourceQuality "1"]

1. d4 d5 2. c4 c6 3. Nc3 dxc4 4. e3 b5 5. a4 b4 6. Ne4 Qd5 7. Nd2 c3 8. bxc3 bxc3 9. Nb1 e6 10. Nxc3 Bb4 11. Nge2 Ba6 12. Bd2 Qa5 13. Ne4 Nf6 14. Nxf6+ gxf6 15. Bxb4 Qxb4+ 16. Qd2 Qxd2+ 17. Kxd2 Nd7 18. Rc1 Rc8 19. Nc3 Bxf1 20. Rhxf1 f5 21. Nb5 0-0 22. Nxa7 Ra8 23. Nxc6 Rxa4 24. Rc2 Rfa8 25. Rb1 Nf6 26. f3 Ra3 27. Rb7 Nd5 28. Ne7+ Nxe7 29. Rxe7 Rb3 30. Rec7 Raa3 31. R7c3 Rxc3 32. Rb2 Rc2+ 33. Rxc2 Ra1 34. Rc1 Ra2+ 35. Rc2 Ra1 36. Ke2 Rh1 37. h3 Rg1 38. Kf2 Rd1 39. Kg3 Kg7 40. Kf4 Rh1 41. Ke5 Re1 42. Kf4 Ra1 43. Rd2 Ra4 44. g4 fxg4 45. hxg4 Ra5 46. e4 Kf6 47. Rd3 Ke7 48. Rc3 Ra4 49. Rc7+ Kf6 50. g5+ Kg6 51. Ke5 Ra3 52. f4 Re3 53. Rc6 Kg7 54. f5 exf5 55. Kxf5 Rf3+ 56. Ke5 Rg3 57. Kf4 Rd3 58. d5 Kf8 59. Ke5 Rg3 60. d6 Rxg5+ 61. Kf4 Rg6 62. Rc8+ Kg7 63. d7 Rf6+ 64. Ke3 1-0

[Event "Asia-ch U18"]
[Site "Almaty"]
[Date "2024.06.15"]
[Round "5"]
[White "Teimouri Yadkuri, Shahdad"]
[Black "Ajay Santhosh, Parvathareddy"]
[Result "1-0"]
[WhiteElo "2203"]
[BlackElo "2163"]
[PlyCount "135"]
[EventDate "2024.06.12"]
[EventType "swiss"]
[EventRounds "9"]
[EventCountry "KAZ"]
[SourceTitle "CBM 220 Extra"]
[Source "ChessBase"]
[SourceDate "2024.07.31"]
[SourceVersion "1"]
[SourceVersionDate "2024.07.31"]
[SourceQuality "1"]

1. c4 g6 2. Nc3 Bg7 3. d4 Nf6 4. e4 d6 5. Be2 0-0 6. Bg5 c5 7. d5 b5 8. cxb5 a6 9. Qd2 axb5 10. Bxb5 Qa5 11. f3 Ba6 12. Bxa6 Nxa6 13. Nh3 c4 14. Nf2 Nc5 15. 0-0 Rfb8 16. Rab1 Na4 17. Nxa4 Qxd2 18. Bxd2 Rxa4 19. a3 Nd7 20. Bb4 Nc5 21. Rfc1 Nb3 22. Rc2 Rbxb4 23. axb4 Rxb4 24. Nd1 Nd4 25. Rf2 Nb5 26. Kf1 Bd4 27. Re2 c3 28. Rc1 cxb2 29. Nxb2 Rxb2 30. Rxb2 Bxb2 31. Rb1 Be5 32. Rxb5 Bxh2 33. Rb7 Kf8 34. Kf2 Be5 35. Ke3 g5 36. g4 Bf6 37. Kd3 Kg7 38. Rb1 Kg6 39. Rh1 e6 40. Kc4 exd5+ 41. exd5 Be5 42. Kb5 f5 43. Kc6 fxg4 44. fxg4 Bg3 45. Rh3 Bf4 46. Kd7 Be5 47. Ke6 Bf4 48. Rh1 Bg3 49. Rg1 Bf4 50. Rh1 Bg3 51. Ke7 Kg7 52. Rf1 Bf4 53. Re1 Bg3 54. Re6 Bf4 55. Rf6 Be5 56. Re6 Bf4 57. Kd7 Kf7 58. Kc6 Kg7 59. Kb5 Kf7 60. Kc4 Kg7 61. Kd3 Kf7 62. Ke4 Kg7 63. Kf5 Kf7 64. Re2 Kg7 65. Re7+ Kh6 66. Kf6 Bc1 67. Re6 Bf4 68. Kf7# 1-0

[Event "Asia-ch U18"]
[Site "Almaty"]
[Date "2024.06.14"]
[Round "4"]
[White "Ajay Santhosh, Parvathareddy"]
[Black "Ansat, Aldiyar"]
[Result "1/2-1/2"]
[WhiteElo "2163"]
[BlackElo "2437"]
[PlyCount "52"]
[EventDate "2024.06.12"]
[EventType "swiss"]
[EventRounds "9"]
[EventCountry "KAZ"]
[SourceTitle "CBM 220 Extra"]
[Source "ChessBase"]
[SourceDate "2024.07.31"]
[SourceVersion "1"]
[SourceVersionDate "2024.07.31"]
[SourceQuality "1"]

1. d4 d6 2. e4 g6 3. Nc3 c6 4. Nf3 Bg7 5. Be2 Nf6 6. 0-0 0-0 7. a4 Qc7 8. h3 e5 9. Bg5 Re8 10. d5 Nbd7 11. Bc4 h6 12. Be3 Nb6 13. Bb3 cxd5 14. Bxb6 Qxb6 15. Nxd5 Nxd5 16. a5 Qa6 17. Bxd5 Be6 18. c4 Rac8 19. b4 b5 20. axb6 Qxb6 21. b5 Qc5 22. Qa4 Bxd5 23. cxd5 Re7 24. Nd2 Rb7 25. Nb3 Qxb5 26. Na5 Rb6 1/2-1/2

[Event "Asia-ch U18"]
[Site "Almaty"]
[Date "2024.06.13"]
[Round "2"]
[White "Ajay Santhosh, Parvathareddy"]
[Black "Dau, Khuong Duy"]
[Result "1/2-1/2"]
[WhiteElo "2163"]
[BlackElo "2380"]
[PlyCount "36"]
[EventDate "2024.06.12"]
[EventType "swiss"]
[EventRounds "9"]
[EventCountry "KAZ"]
[SourceTitle "CBM 220 Extra"]
[Source "ChessBase"]
[SourceDate "2024.07.31"]
[SourceVersion "1"]
[SourceVersionDate "2024.07.31"]
[SourceQuality "1"]

1. d4 Nf6 2. c4 g6 3. Nc3 Bg7 4. e4 d6 5. Nf3 0-0 6. Be2 e5 7. Be3 Ng4 8. Bg5 f6 9. Bc1 Nc6 10. h3 Nh6 11. dxe5 dxe5 12. Qxd8 Nxd8 13. 0-0 Ne6 14. Rd1 Nf7 15. Be3 Bh6 16. Bxh6 Nxh6 17. b4 a5 18. a3 b6 1/2-1/2

[Event "Asia-ch Rapid U18"]
[Site "Almaty"]
[Date "2024.06.10"]
[Round "3"]
[White "Ajay Santhosh, Parvathareddy"]
[Black "Dau, Khuong Duy"]
[Result "1-0"]
[WhiteElo "1943"]
[BlackElo "2195"]
[PlyCount "75"]
[EventDate "2024.06.10"]
[EventType "swiss (rapid)"]
[EventRounds "9"]
[EventCountry "KAZ"]
[SourceTitle "EXT 2025"]
[Source "ChessBase"]
[SourceDate "2024.10.14"]
[SourceVersion "1"]
[SourceVersionDate "2024.10.14"]
[SourceQuality "1"]
[WhiteTeam "IND"]
[BlackTeam "VIE"]

1. d4 Nf6 2. c4 g6 3. Nc3 Bg7 4. e4 d6 5. Be2 0-0 6. Nf3 e5 7. Be3 Na6 8. 0-0 Ng4 9. Bg5 Qe8 10. h3 Nf6 11. Re1 h6 12. Bxf6 Bxf6 13. c5 dxc5 14. Nd5 Bd8 15. Bxa6 bxa6 16. dxe5 Be6 17. Qc1 Kg7 18. Qxc5 Qb5 19. Qxb5 axb5 20. Rac1 Rc8 21. Nd4 a6 22. Nxe6+ fxe6 23. Nb6 Bh4 24. Nxc8 Bxf2+ 25. Kh2 Bxe1 26. Rxc7+ Rf7 27. Nd6 Rxc7 28. Ne8+ Kf7 29. Nxc7 Bf2 30. Nxa6 Bd4 31. b4 Bxe5+ 32. Kg1 Ke7 33. Kf1 Bd4 34. Nc7 Bc3 35. a3 Kd7 36. Nxb5 Bg7 37. Ke2 Kc6 38. a4 1-0